000 00920cam a2200265 a 4500
001 000011782
005 20200929162549.0
008 850819s1989 sp b 001 0 spa
020 _a8424908953
035 _a(DLC) 85103533
040 _aDO-SdBNP
_bspa
_cDLC
_dDLC
_dBNPHU
082 _a418.02
_bG216e, 1989
100 1 _aGarcía Yebra, Valentín,
_d1917-
_927870
245 1 0 _aEn torno a la traducción /
_cValentín García Yebra.
250 _a2a ed., corr. y aum.
260 _aMadrid :
_bGredos,
_c1989.
300 _a382 p. ;
_c20 cm.
490 1 _aBiblioteca románica hispánica.
_aEstudios y ensayos
_v328
504 _aIncluye referencias bibliográfica.
650 4 _aTraducción e interpretación
_927868
650 4 _aTraducción e interpretación
_xHistoria
_927871
830 0 _aBiblioteca románica hispánica
_pEstudios y ensayos ;
_v328
_98770
910 _aCatalogación derivada
049 _aBNGR
999 _c11456
_d11456